Statistics for loud house

Click here to take the quiz!

General Stats

  • This quiz has been taken 44 times
  • The average score is 12 of 15

Answer Stats

HintAnswer% Correct
5Lynn
96%
2Leni
93%
6Lincoln
93%
first bornLori
93%
8Lana
85%
10Lisa
85%
9Lola
85%
4Luan
85%
11Lily
81%
7Lucy
81%
3Luna
81%
mumRita
78%
dogCharles
63%
catcliff
56%
dadLynn SR
41%

Score Distribution

Percentile by Number Answered

Percent of People with Each Score

Your Score History

You have not taken this quiz